00759nam a22001937a 450000500170000001000150001702000260003203500140005803700130007208200180008510000200010324501400012326000650026327000920032830000310042050000710045170000240052270000190054620180806123518.0 aENG-123810 a9788192606286c200.00 aEN-107342 bDBAD/PUB a362.880830954 aPereira, Melvil aGrowing up: in a conflict zone :cby Nina Wilcox Putnam; Shaunna Rodrigues [and] Ankita Guptabchildren surviving conflict in tripura / aGuwahati (Assam)bNorth Eastern Social Research Centrec2016 aJagriti 2nd Floor, Arunodoi Path, GMCH Road Christian Basti, bGuwahati (Assam)e781005 ax,182p.c21cm. (pbk)bill. aIt includes conclusion, references, index author and index subject aRodrigues, Shaunna  aGupta, Ankita